Fictional Characters- How Did They Die? - Statistics

General Stats
  • This quiz has been taken 127 times
  • The average score is 12 of 23
Answer Stats
Hint Extra Hint Answer % Correct
Jack Dawson Titanic Hypothermia
79%
Romeo Montague Romeo and Juliet Poison/Venom
76%
Mufasa Lion King Stampede
74%
Master Yoda Star Wars: Return of the Jedi Old Age
69%
The Wicked Witch of the East Wizard of Oz Crushed by a House
67%
Ned Stark Game of Thrones Beheaded
62%
The Wicked Witch of the West Wizard of Oz Melted
62%
Peter Parker Avengers: Infinity War Turned to Dust
62%
John Coffey The Green Mile Electrocuted
57%
Albus Dumbledore Harry Potter and the Half-Blood Prince Killing Curse
57%
Captain Hook Peter Pan Eaten
53%
Charlotte Charlotte’s Web Old Age
53%
Lennie Small Of Mice and Men Shot
51%
Old Yeller Old Yeller Shot
49%
Jay Gatsby The Great Gatsby Shot
49%
Ellie Up Old Age
44%
Jenny Curran Forrest Gump AIDS
43%
Walter White Breaking Bad Shot
37%
Darth Vader Star Wars: Return of the Jedi Electrocuted
35%
Joffrey Baratheon Game of Thrones Poison/Venom
34%
Hamlet Hamlet Poison/Venom
34%
Allie Caulfield Catcher in the Rye Cancer
31%
Severus Snape Harry Potter and the Deathly Hallows Poison/Venom
26%
No matching quizzes found
Score Distribution
Percent of People with Each Score
Percentile by Number Answered
Your Score History
You have not taken this quiz